| 000 | 00691nam a22002297a 4500 | ||
|---|---|---|---|
| 001 | 24359 | ||
| 003 | BD-RjUL | ||
| 005 | 20211209001036.0 | ||
| 008 | 140313s1950 enkaf 001 0 eng d | ||
| 035 | _a(BD-RjUL)24425 | ||
| 040 |
_aBD-RjUL _beng _cBD-RjUL |
||
| 041 | _aeng | ||
| 082 |
_a942 _bTOC 1950 |
||
| 100 | 1 |
_aTownsend, William. _974996 |
|
| 245 |
_aCanterbury / _cby William Townsend |
||
| 260 |
_aLondon ; _aNew York : _bB. T. Batsford, _c1950. |
||
| 300 |
_avii, 88 p. : _bill., maps ; _c19 cm. |
||
| 490 | 1 | _aBritish cities series | |
| 504 | _aIncludes bibliographical references and index. | ||
| 650 | 0 |
_aCanterbury (England) _vDescription and travel _974997 |
|
| 942 |
_2ddc _cBK |
||
| 999 |
_c24359 _d24359 |
||